000 00589nam a2200169 4500
001 138326
003 ES-MaACL
005 20230906195538.0
007 t|
008 070214s1930 sp r ||||1| spa d
100 1 _aSanchís Perpiñá, Vicente.
_9103019
245 1 0 _aNuestras aportaciones experimentales y clínicas a la cirugía del simpático /
_cpor... V. Sanchís Perpiñá...
260 _aMadrid :
_b[s. n.],
_c1930.
300 _a27 p. :
_bil. ;
_c24 cm.
500 _aTirada aparte de: Revista Española de Cirugía y Urología, t. XII, nº 7.
852 _aES-MaACL
_j1742-F-4
999 _c138326
_d138326